|
|
|
|
| LEADER |
00000nam0a2200000 4500 |
| 001 |
34468 |
| 005 |
20231030225456.0 |
| 010 |
|
|
|a 5247014146
|
| 035 |
|
|
|a (RuTPU)RU\TPU\book\34863
|
| 035 |
|
|
|a BOOK00001514
|
| 090 |
|
|
|a 34468
|
| 100 |
|
|
|a 20011210d1990 m y0rusy50 ca
|
| 101 |
0 |
|
|a rus
|
| 102 |
|
|
|a RU
|
| 105 |
|
|
|a a j 000zy
|
| 200 |
1 |
|
|a Основы инженерной геофизики
|e учебное пособие
|f А. А. Огильви
|
| 210 |
|
|
|a Москва
|c Недра
|d 1990
|
| 215 |
|
|
|a 501 с.
|c ил.
|
| 610 |
1 |
|
|a инженерная геофизика
|
| 610 |
1 |
|
|a основы
|
| 610 |
1 |
|
|a методы
|
| 610 |
1 |
|
|a применение
|
| 610 |
1 |
|
|a инженерно-геофизические информации
|
| 610 |
1 |
|
|a сборы
|
| 610 |
1 |
|
|a обработка
|
| 610 |
1 |
|
|a геологические задачи
|
| 610 |
1 |
|
|a решения
|
| 610 |
1 |
|
|a геофизические методы
|
| 610 |
1 |
|
|a учебные пособия
|
| 675 |
|
|
|a 624.131.32(075.8)
|v 3
|
| 700 |
|
1 |
|a Огильви
|b А. А.
|g Александр Александрович
|
| 801 |
|
0 |
|a RU
|b 63413507
|c 20011210
|g PSBO
|
| 801 |
|
2 |
|a RU
|b 63413507
|c 20161121
|g PSBO
|
| 900 |
|
|
|a Общий курс геофизических методов поисков и разведки
|
| 900 |
|
|
|a Экологическая геофизика
|
| 900 |
|
|
|a Геофизические методы поисков и разведки МПИ
|
| 942 |
|
|
|c BK
|